|
|
|
|
| LEADER |
01289nam a2200265 a 4500 |
| 001 |
4239332 |
| 008 |
091101s1980 bg a b f100 0 eng d |
| 010 |
|
|
|a \\\82902673
|
| 040 |
|
|
|a DLC
|c DLC
|d DLC
|
| 082 |
0 |
0 |
|a 338.9549/2
|2 19
|
| 245 |
0 |
0 |
|a Development planning in Bangladesh :
|b a review of the draft Second Five Year Plan /
|c editor, Qazi Kholiquzzama Ahmad.
|
| 260 |
|
|
|a Dhaka :
|b Bangladesh Unnayan Parishad,
|c 1980.
|
| 300 |
|
|
|a xxi, 260 p. :
|b ill. ;
|c 24 cm.
|
| 490 |
1 |
|
|a Special publication / Bangladesh Unnayan Parishad ;
|v 1
|
| 500 |
|
|
|a Papers presented at the National Seminar on the Draft Second Five Year Plan, 1980-85, held in Dhaka, 1980.
|
| 504 |
|
|
|a Includes bibliographical references.
|
| 541 |
1 |
|
|e 00004446
|
| 651 |
|
0 |
|a Bangladesh
|x Economic policy
|x Congresses.
|
| 651 |
|
0 |
|a Bangladesh
|x Social policy
|x Congresses.
|
| 700 |
1 |
|
|a Ahmad, Qazi Kholiquzzaman,
|d 1943-
|
| 711 |
2 |
|
|a National Seminar on the Draft Second Five Year Plan, 1980-85
|d (1980 :
|c Dhaka, Bangladesh)
|
| 830 |
|
0 |
|a Special publication (Bangladesh Unnayan Parishad) ;
|v 1.
|
| 852 |
4 |
|
|a Ayesha Abed Library
|j General shelf
|
| 999 |
|
|
|c 4990
|d 4990
|
| 952 |
|
|
|0 0
|1 0
|2 ddc
|4 0
|6 338_954920000000000_DEV_1980
|7 0
|9 4814
|a BRACUL
|b BRACUL
|c GEN
|d 2009-11-02
|g 50.00
|l 0
|o 338.95492 DEV
|p 3010004446
|r 2009-11-02
|t 1
|w 2009-11-02
|y BK
|